000 01128nam a22002777a 4500
003 dpl
005 20180911124235.0
008 180911b xxu||||| |||| 00| 0 eng d
010 _aA-651983
020 _c45.00
035 _aA-651983, A-652003
037 _bCen Lib/Ret
040 _aDPL
_bHN
_c0
082 _a
_bमहला
100 _aमह्ल्लन, महेंद्रसिंह
_942819
245 _aसिलसिला :
_cमहेंद्रसिंह महलान
_bलघुकथा संग्रह /
246 _aSilsila : laghu katha sangrah /
_bby Mahendrasingh Mahlaaan
260 _a दिल्ली
_bप्रेम प्रकाशन मंदिर
_c1993
270 _b दिल्ली
_a3012, बल्लीमारान
_e110006
300 _a111पृ.
_c16सेमी(सजिल्द )
650 _aहिंदी साहित्य
_x
_z
_952300
650 _aहिंदी कहानियां
_92082
650 _aHindi literature
_v
_952301
650 _aHindi stories
_952302
942 _2ddc
_cHN
_h
_mमहला
999 _c113453
_d113453